<?xml version="1.0" encoding="UTF-8"?>
<record
    xmlns:xsi="http://www.w3.org/2001/XMLSchema-instance"
    xsi:schemaLocation="http://www.loc.gov/MARC21/slim http://www.loc.gov/standards/marcxml/schema/MARC21slim.xsd"
    xmlns="http://www.loc.gov/MARC21/slim">

  <leader>00616nam a22001337a 4500</leader>
  <controlfield tag="003">OSt</controlfield>
  <controlfield tag="005">20160227153320.0</controlfield>
  <controlfield tag="008">160227b        xxu||||| |||| 00| 0 eng d</controlfield>
  <datafield tag="040" ind1=" " ind2=" ">
    <subfield code="c">RUA</subfield>
  </datafield>
  <datafield tag="082" ind1=" " ind2=" ">
    <subfield code="a">VEM NOR 2014 B435 O.1</subfield>
  </datafield>
  <datafield tag="245" ind1=" " ind2=" ">
    <subfield code="a">Epidemiological survey on infectious disease of cattle in samraong tong district, kampong speu province, &#x17A2;&#x1784;&#x17D2;&#x1780;&#x17C1;&#x178F;&#x1796;&#x17B8;&#x1780;&#x17B6;&#x179A;&#x179A;&#x17B6;&#x178F;&#x179B;&#x17D2;&#x1794;&#x17B6;&#x178F;&#x200B;&#x1787;&#x17C6;&#x1784;&#x17BA;&#x1786;&#x17D2;&#x179B;&#x1784;&#x1782;&#x17C4;&#x178A;&#x17C2;&#x179B;&#x1787;&#x17BD;&#x1794;&#x1794;&#x17D2;&#x179A;&#x1791;&#x17C7;&#x1793;&#x17C5;&#x1780;&#x17D2;&#x1793;&#x17BB;&#x1784;&#x179F;&#x17D2;&#x179A;&#x17BB;&#x1780;&#x179F;&#x17C6;&#x179A;&#x17C4;&#x1784;&#x1791;&#x1784; &#x1781;&#x17C1;&#x178F;&#x17D2;&#x178F;&#x1780;&#x17C6;&#x1796;&#x1784;&#x17CB;&#x179F;&#x17D2;&#x1796;&#x17BA;</subfield>
  </datafield>
  <datafield tag="300" ind1=" " ind2=" ">
    <subfield code="a">ix,44p.</subfield>
    <subfield code="b">ill.</subfield>
    <subfield code="c">29cm.</subfield>
  </datafield>
  <datafield tag="942" ind1=" " ind2=" ">
    <subfield code="2">ddc</subfield>
    <subfield code="c">VEM</subfield>
  </datafield>
  <datafield tag="999" ind1=" " ind2=" ">
    <subfield code="c">7179</subfield>
    <subfield code="d">7179</subfield>
  </datafield>
  <datafield tag="952" ind1=" " ind2=" ">
    <subfield code="0">0</subfield>
    <subfield code="1">0</subfield>
    <subfield code="2">ddc</subfield>
    <subfield code="4">0</subfield>
    <subfield code="6">VEM_NOR_2014_000000000000000_B435_O_1</subfield>
    <subfield code="7">0</subfield>
    <subfield code="9">42030</subfield>
    <subfield code="a">LBB</subfield>
    <subfield code="b">LBB</subfield>
    <subfield code="c">B435</subfield>
    <subfield code="d">2016-02-27</subfield>
    <subfield code="l">1</subfield>
    <subfield code="o">VEM NOR 2014 B435 O.1</subfield>
    <subfield code="p">RUA052914</subfield>
    <subfield code="r">2016-06-09</subfield>
    <subfield code="s">2016-05-25</subfield>
    <subfield code="w">2016-02-27</subfield>
    <subfield code="y">VEM</subfield>
  </datafield>
  <datafield tag="952" ind1=" " ind2=" ">
    <subfield code="0">0</subfield>
    <subfield code="1">0</subfield>
    <subfield code="2">ddc</subfield>
    <subfield code="4">0</subfield>
    <subfield code="6">VEM_NOR_2014_000000000000000_B435_O_2</subfield>
    <subfield code="7">0</subfield>
    <subfield code="9">42031</subfield>
    <subfield code="a">LBB</subfield>
    <subfield code="b">LBB</subfield>
    <subfield code="c">B435</subfield>
    <subfield code="d">2016-02-27</subfield>
    <subfield code="o">VEM NOR 2014 B435 O.2</subfield>
    <subfield code="p">RUA052915</subfield>
    <subfield code="r">2016-02-27</subfield>
    <subfield code="w">2016-02-27</subfield>
    <subfield code="y">VEM</subfield>
  </datafield>
  <datafield tag="952" ind1=" " ind2=" ">
    <subfield code="0">0</subfield>
    <subfield code="1">0</subfield>
    <subfield code="2">ddc</subfield>
    <subfield code="4">0</subfield>
    <subfield code="6">VEM_NOR_2014_000000000000000_B435_O_3</subfield>
    <subfield code="7">0</subfield>
    <subfield code="9">42032</subfield>
    <subfield code="a">LBB</subfield>
    <subfield code="b">LBB</subfield>
    <subfield code="c">B435</subfield>
    <subfield code="d">2016-02-27</subfield>
    <subfield code="o">VEM NOR 2014 B435 O.3</subfield>
    <subfield code="p">RUA052793</subfield>
    <subfield code="r">2016-02-27</subfield>
    <subfield code="w">2016-02-27</subfield>
    <subfield code="y">VEM</subfield>
  </datafield>
  <datafield tag="952" ind1=" " ind2=" ">
    <subfield code="0">0</subfield>
    <subfield code="1">0</subfield>
    <subfield code="2">ddc</subfield>
    <subfield code="4">0</subfield>
    <subfield code="6">VEM_NOR_2014_000000000000000_B435_O_4</subfield>
    <subfield code="7">0</subfield>
    <subfield code="9">42033</subfield>
    <subfield code="a">LBB</subfield>
    <subfield code="b">LBB</subfield>
    <subfield code="c">B435</subfield>
    <subfield code="d">2016-02-27</subfield>
    <subfield code="l">1</subfield>
    <subfield code="o">VEM NOR 2014 B435 O.4</subfield>
    <subfield code="p">RUA052794</subfield>
    <subfield code="r">2018-08-27</subfield>
    <subfield code="s">2018-08-10</subfield>
    <subfield code="w">2016-02-27</subfield>
    <subfield code="y">VEM</subfield>
  </datafield>
  <datafield tag="952" ind1=" " ind2=" ">
    <subfield code="0">0</subfield>
    <subfield code="1">0</subfield>
    <subfield code="2">ddc</subfield>
    <subfield code="4">0</subfield>
    <subfield code="6">VEM_NOR_2014_000000000000000_B435_O_5</subfield>
    <subfield code="7">0</subfield>
    <subfield code="9">42034</subfield>
    <subfield code="a">LBB</subfield>
    <subfield code="b">LBB</subfield>
    <subfield code="c">B435</subfield>
    <subfield code="d">2016-02-27</subfield>
    <subfield code="l">2</subfield>
    <subfield code="o">VEM NOR 2014 B435 O.5</subfield>
    <subfield code="p">RUA052738</subfield>
    <subfield code="r">2025-06-16</subfield>
    <subfield code="s">2025-05-27</subfield>
    <subfield code="w">2016-02-27</subfield>
    <subfield code="y">VEM</subfield>
  </datafield>
  <datafield tag="952" ind1=" " ind2=" ">
    <subfield code="0">0</subfield>
    <subfield code="1">0</subfield>
    <subfield code="2">ddc</subfield>
    <subfield code="4">0</subfield>
    <subfield code="6">VEM_NOR_2014_000000000000000_B435_O_6</subfield>
    <subfield code="7">0</subfield>
    <subfield code="9">42035</subfield>
    <subfield code="a">LBB</subfield>
    <subfield code="b">LBB</subfield>
    <subfield code="c">B435</subfield>
    <subfield code="d">2016-02-27</subfield>
    <subfield code="l">2</subfield>
    <subfield code="o">VEM NOR 2014 B435 O.6</subfield>
    <subfield code="p">RUA052860</subfield>
    <subfield code="r">2019-07-29</subfield>
    <subfield code="s">2019-07-26</subfield>
    <subfield code="w">2016-02-27</subfield>
    <subfield code="y">VEM</subfield>
  </datafield>
  <datafield tag="952" ind1=" " ind2=" ">
    <subfield code="0">0</subfield>
    <subfield code="1">0</subfield>
    <subfield code="2">ddc</subfield>
    <subfield code="4">0</subfield>
    <subfield code="6">VEM_NOR_2014_000000000000000_B435_O_7</subfield>
    <subfield code="7">0</subfield>
    <subfield code="9">42036</subfield>
    <subfield code="a">LBB</subfield>
    <subfield code="b">LBB</subfield>
    <subfield code="c">B435</subfield>
    <subfield code="d">2016-02-27</subfield>
    <subfield code="l">2</subfield>
    <subfield code="m">1</subfield>
    <subfield code="o">VEM NOR 2014 B435 O.7</subfield>
    <subfield code="p">RUA052349</subfield>
    <subfield code="r">2017-08-02</subfield>
    <subfield code="s">2016-12-12</subfield>
    <subfield code="w">2016-02-27</subfield>
    <subfield code="y">VEM</subfield>
  </datafield>
</record>
